Dictionary of internet and web technology (Record no. 58068)

MARC details
000 -LEADER
fixed length control field 01766nam a22002777a 4500
005 - DATE AND TIME OF LATEST TRANSACTION
control field 2011110307307.0
010 ## - LCCN (DPL NO)
LC control number ENG-104018 B-457699-703
020 ## - INTERNATIONAL STANDARD BOOK NUMBER
International Standard Book Number 9788124116579
Terms of availability 195.00
035 ## - SYSTEM CONTROL NUMBER
System control number EN-87551 B-457699-703
037 ## - SOURCE OF ACQUISITION
Source of stock number/acquisition DBAD/PUB
037 ## - SOURCE OF ACQUISITION
Source of stock number/acquisition K.K.Pub/Ven
082 ## - DEWEY DECIMAL CLASSIFICATION NUMBER
Classification number 005.4203
245 ## - TITLE STATEMENT
Title Dictionary of internet and web technology
260 ## - PUBLICATION, DISTRIBUTION, ETC. (IMPRINT)
Place of publication, distribution, etc New Delhi
Name of publisher, distributor, etc Har-Anand Publications
Date of publication, distribution, etc 2012
270 ## - ADDRESS
Address E-49/3, Okhla Industrial Area, Phase-II
City New Delhi
Postal code 110020
300 ## - PHYSICAL DESCRIPTION
Extent 207p.
Dimensions 22cm (pbk)
700 ## - ADDED ENTRY--PERSONAL NAME
9 (RLIN) 35668
942 ## - ADDED ENTRY ELEMENTS (KOHA)
Source of classification or shelving scheme Dewey Decimal Classification
Item type English Books
Classification part 005.4203
Call number suffix DIC
Holdings
Withdrawn status Lost status Not for loan Collection code Home library Current library Date acquired Source of acquisition Cost, normal purchase price Full call number Barcode Copy number Cost, replacement price Koha item type
  Written-off vide DLB M. No. 383 dt 16.05.19   Non-fiction Central Library Central Library 06/06/2012 K.K.Pub/1658/24.01.2012/25/24.01.2012/06.02.2012 195.00 005.4203 DIC B-457699 1 195.00 English Books
    Not For Loan Non-fiction D.B.Act.Division D.B.Act.Division 03/11/2011 DBAD/PUB 195.00 005.4203 DIC EN-87551 1 195.00 English Books
      Non-fiction Karol Bagh Karol Bagh 06/06/2012 K.K.Pub/1658/24.01.2012/25/24.01.2012/06.02.2012 195.00 005.4203 DIC B-457702 1 195.00 English Books
      Non-fiction Patel Nagar Patel Nagar 06/06/2012 K.K.Pub/1658/24.01.2012/25/24.01.2012/06.02.2012 195.00 005.4203 DIC B-457700 1 195.00 English Books
  Written-off vide DLB M. No. 383 dt 16.05.19   Non-fiction Sarojini Nagar Sarojini Nagar 06/06/2012 K.K.Pub/1658/24.01.2012/25/24.01.2012/06.02.2012 195.00 005.4203 DIC B-457701 1 195.00 English Books
  Written-off vide DLB M. No. 383 dt 16.05.19   Non-fiction Shahdara Branch Shahdara Branch 06/06/2012 K.K.Pub/1658/24.01.2012/25/24.01.2012/06.02.2012 195.00 005.4203 DIC B-457703 1 195.00 English Books

© Delhi Public Library
Hit Counter
free hit counter